Belfast - Choix multiples - Statistiques

Statistiques générales
  • Ce quiz a été pris 1 552 fois
    1 526 depuis la dernière actualisation
  • Le résultat moyen est 7 sur 10
Statistiques - réponses
Question Réponse % Correct
De quelle nation du Royaume-Uni, Belfast est-elle la capitale ? L'Irlande du Nord
96%
Quelle organisation paramilitaire est responsable de plusieurs attentats, notamment à Belfast entre 1966 et 1998, en réponse à des massacres de militants pacifiques ? L'I.R.A.
89%
Pour quelle forme d'art urbain Belfast est-elle connue, extériorisant les tensions politiques et religieuses que la ville a connue ? Les fresques murales
84%
Lequel de ces célèbres paquebots a été construit à Belfast ? Le Titanic
77%
De quelle province Belfast est-elle la principale ville démographiquement parlant ? L'Ulster
68%
Quel accord de Paix, autrement appelé accord de Belfast, fut signé au Palais de Stormont en 1998, mettant fin à 30 ans de "Troubles" dans la région ? L'Accord du Vendredi saint
61%
Quel cinéaste et acteur de théâtre réalisa le film partiellement autobiographique "Belfast" sorti en 2021 ? Kenneth Branagh
52%
Quelle fin tragique a connu Bobby Sands, natif de Belfast ? Il n'a pas survécu à sa grève de la faim.
51%
Laquelle de ces images "inattendues" représente un aspect de Belfast ?
49%
Quel groupe de musique folk et celtique a popularisé la ballade traditionnelle The Black Velvet Band en 1967, chanson dont les paroles commencent par : "In a neat little town they call Belfast" ? Les Dubliners
37%
Aucun quiz correspondant
Distribution des résultats
% des personnes avec chaque résultat
Percentile par nombre de réponses
Votre historique - résultats
Vous n’avez pas pris ce quiz depuis la dernière actualisation